LEADER 01141nam a2200265 i 4500 001 000000250113 003 CaOOAMICUS 005 20160713000000.0 008 160713s2016 it u000 u ita u 013 $a229018 020 $a978-88-6671-262-6 040 $aSeMil$bita 245 10$aVilla Sacro Cuore :$bcasa di spiritualità della Diocesi di Milano. 260 $aGorle :$bVelar,$c2016. 260 $aCascine Vica (TO) :$bElledici,$c2016. 300 $a47 p. :$bricc. ill. ;$c21 cm. 490 0 $aI luoghi della fede : santuari, chiese, abbazie ;$v51 830 2$aI luoghi della fede. Santuari, chiese, abbazie ;$v51.$0(OLS)http://semarc/title/33960 850 $aSeMil 852 $aSeMil$W1$xVenegono$y1$m5B III 48/9$j200459$B200459$CSeMilBibl$Z2$F212643 $81 961 $aOmaggio: Altro 996 $6020$a978-88-6671-262-6$9(OLS)http://semarc/number/260473 996 $6245$aVilla Sacro Cuore :$bcasa di spiritualità della Diocesi di Milano$9(OLS)http://semarc/title/352333 996 $6260$aCascine Vica (TO) :$bElledici$9(OLS)http://semarc/publisher/36404 996 $6260$aGorle :$bVelar$9(OLS)http://semarc/publisher/33489 LEADER 01010nam a2200241 i 4500 001 000000112497 003 CaOOAMICUS 005 20171023000000.0 008 171023s2000 it u000 u ita u 013 $a85181 040 $aSeMil$bita 240 10$aMaria Ward : Wörte für das Leben.$0(OLS)http://semarc/title/407558 245 10$aMary Ward :$bparole per la vita /$cM. Immolata Wetter. 260 $aRovereto :$bIstituto B. V. Maria,$cstampa 2000. 300 $a109 p. :$bill. ;$c21 cm. 600 14$aWard, Mary .$0(OLS)http://semarc/subject/11122 700 1 $aWetter, M. Immolata.$0(OLS)http://semarc/name/87173 700 1 $aWard, Mary <1585-1645>.$0(OLS)http://semarc/name/93006 850 $aSeMil 852 $aSeMil$W1$xVenegono$y1$m3G III 386$j68244$B68244$CSeMilBibl$Z2$F74182 $81 961 $aOmaggio: Altro 996 $6245$aMary Ward :$bparole per la vita$9(OLS)http://semarc/title/407557 996 $6260$aRovereto :$bIstituto B. V. Maria$9(OLS)http://semarc/publisher/57074